Calciatori più Preziosi di ogni anno - Statistics

Statistiche generali
  • Questo quiz è stato fatto 74 volte
  • Il punteggio medio è 25 su 26
Statistiche sulle risposte
Anno Valore (M €) Nazione Calciatore % Corretto
2009 70 Portogallo Cristiano Ronaldo
100%
2014 120 Portogallo Cristiano Ronaldo
100%
2015 120 Portogallo Cristiano Ronaldo
100%
2009 70 Argentina Lionel Messi
100%
2010 100 Argentina Lionel Messi
100%
2011 100 Argentina Lionel Messi
100%
2012 120 Argentina Lionel Messi
100%
2013 120 Argentina Lionel Messi
100%
2014 120 Argentina Lionel Messi
100%
2015 120 Argentina Lionel Messi
100%
2016 120 Argentina Lionel Messi
100%
2018 200 Francia Kylian Mbappé
98%
2019 200 Francia Kylian Mbappé
98%
2020 200 Francia Kylian Mbappé
98%
2021 160 Francia Kylian Mbappé
98%
2022 180 Francia Kylian Mbappé
98%
2023 180 Francia Kylian Mbappé
98%
2023 180 Norvegia Erling Haaland
97%
2024 200 Norvegia Erling Haaland
97%
2017 150 Brasile Neymar
97%
2025 200 Spagna Yamine Yamal
95%
2004 50 Brasile Ronaldinho
92%
2005 50 Brasile Ronaldinho
92%
2006 70 Brasile Ronaldinho
92%
2007 80 Brasile Ronaldinho
92%
2008 80 Brasile Ronaldinho
92%
Nessun quiz corrispondente trovato
Distribuzione punteggi
Percentuale di utenti per punteggio
Percentile per numero di risposta
I tuoi punteggi nel tempo
Non hai fatto questo quiz